Database analysis and design

Αποθηκεύτηκε σε:
Λεπτομέρειες βιβλιογραφικής εγγραφής
Κύριος συγγραφέας: Hawryszkiewycz, I. T.
Μορφή: Βιβλίο
Γλώσσα:English
Δημοσίευση: New York : MacMillan, 1991.
Έκδοση:2nd ed.
Θέματα:
Ετικέτες: Προσθήκη ετικέτας
Δεν υπάρχουν, Καταχωρήστε ετικέτα πρώτοι!

MARC

LEADER 00000cam a2200000 i 4500
001 1/37839
008 951120s1991 nyu| ||| |||| ||eng||
020 |a 0023518510 
035 |l 10024751 
040 |a GR-MyUa  |b gre  |e AACR2 
041 0 |a eng 
082 7 |a 005.74   |2 (22) 
100 1 |a Hawryszkiewycz, I. T. 
245 1 0 |a Database analysis and design /   |c I.T. Hawryszkiewycz. 
250 |a 2nd ed. 
260 |a New York :   |b MacMillan,   |c 1991. 
300 |a 574 σ. ;   |c 24 εκ. 
500 |a Περιλαμβάνει βιβλιογραφικές παραπομπές και ευρετήριο. 
650 0 |a Database management. 
650 0 |a Database design. 
852 |a INST  |b CHIOS  |e 19951120  |h 005.74 HAW  |p 005200001111  |q 005200001111  |t BK  |y 0